000
00296nam a22001337a 4500
003
SGT
082
_a
615.538
_b
P13N
100
_a
NALA, MAHARAJA AND TRIPATHI, INDRADEVA
245
_a
PAKADARPANAM
260
_a
VARANASI
_b
CHAUKHAMBHA
_c
2013
300
_a
114
650
_a
AYURVEDA
942
_2
ddc
_c
BK
999
_c
8319
_d
8319